Historias y Leyendas

Na minha lista:
Detalhes bibliográficos
Autor principal: Lozano
Formato: Livro
Idioma:Undetermined
Publicado em: Madrid, España Espasa-Calpe 1969
Edição:3
Assuntos:
Tags: Adicionar Tag
Sem tags, seja o primeiro a adicionar uma tag!

MARC

LEADER 00000nam a2200000Ia 4500
008 170316s9999 xx 000 0 und d
040 |a cru BVZT 
090 |a 862 L-26h v.2 
100 |a Lozano 
245 |a Historias y Leyendas 
250 |a 3 
260 |a Madrid, España 
260 |b Espasa-Calpe 
260 |c 1969 
300 |a 266 páginas Tomo II 
650 |a LITERATURA ESPAÑOLA 
999 |c 10077  |d 10077 
942 |c 15 D  |h 862 L-26h v.2  |2 z